000 01298cam a2200265 4500
001 ABS63234
008 000000n2000 000 0 eng u
035 _a(Sirsi) u109506
100 _aGiddings, B
245 _aCommunity regeneration: is it working in Britain?
260 _c2000
490 _aFaculty of Building Journal
_v9(5) October 2000, 20-22(3)
520 _aLooks in detail at community regeneration, and outlines the elements necessary for its success. Suggests that good community regeneration projects need both physical and social regeneration; building is only one element and a key objective is to create close neighbourhood networks. Areas of discussion include: government policy; a socio-economic strategy; perceptions of a 'good neighbourhood'; housing provision. Concludes with a discussion of the Jarrow and Walker case studies, which demonstrate successful community regeneration, in contrast with the failure of Newcastle West End. References.
590 _aABS
650 _aJOSEPH ROWNTREE FOUNDATION
650 _aJARROW
650 _aHOUSING PROVISION
650 _aNEIGHBOURHOOD
650 _aSUSTAINABLE DEVELOPMENT
650 _aECONOMIC SUSTAINABILITY
650 _aCOMMUNITY
690 _aREGENERATION
700 _aShaw, K
942 _n0
999 _c65378
_d65378